Missing Word: Territories of Countries Quiz Stats

 Plays Quiz Updated Oct 1, 2016

Challenge
Share
Tweet
Embed
Score 0/22 Timer 04:00
2 Plays Today
Territory Missing Word % Correct
Puerto ____Rico
98.8%
Baker ______Island
88.8%
____ KongHong
86.2%
Falkland _______Islands
83.2%
Isle of ___Man
76.2%
___ CaledoniaNew
75.6%
_____ and Caicos IslandsTurks
73.6%
American _____Samoa
68.4%
____ MaartenSint
56.3%
_____ IslandsFaroe
46.6%
Northern _______ IslandsMariana
40.7%
Territory Missing Word % Correct
British Indian _____ TerritoryOcean
37.7%
Coral ___ IslandsSea
31%
____ IslandsCook
28.2%
South Georgia and the South ________ IslandsSandwich
27.8%
Saint ______, Ascension and Tristan da CunhaHelena
27.6%
Palmyra _____Atoll
25.6%
______ and FutunaWallis
25.5%
French ________ and Antarctic LandsSouthern
20.3%
_____ IslandsÅland
16.5%
______ IslandBouvet
10.2%
_______ ReefKingman
9.2%

Today's Daily Dose

You're not logged in!

Compare scores with friends on all Sporcle quizzes.
OR
Log In

You Might Also Like...

Show Comments

Extras

Top Quizzes Today


Score Distribution

Your Account Isn't Verified!

In order to create a playlist on Sporcle, you need to verify the email address you used during registration. Go to your Sporcle Settings to finish the process.

Report this User

Report this user for behavior that violates our Community Guidelines.

Details: